[Event "South FR-ch"]
[Site "Maikop"]
[Date "2018.03.27"]
[Round "4"]
[White "Kozlenko, Sergey"]
[Black "Drozhzhina, Alina"]
[Result "1-0"]
[WhiteElo "1783"]
[BlackElo "1313"]
[PlyCount "109"]
[EventDate "2018.03.24"]
[EventType "swiss"]
[EventRounds "9"]
[EventCountry "RUS"]
[SourceTitle "EXT 2019"]
[Source "ChessBase"]
[SourceDate "2018.10.10"]
[SourceVersion "1"]
[SourceVersionDate "2018.10.10"]
[SourceQuality "1"]

1. e4 e5 2. Nf3 Nc6 3. d4 exd4 4. Bc4 Nf6 5. e5 Ng4 6. Bxf7+ Kxf7 7. Ng5+ Kg8 8. Qxg4 Be7 9. 0-0 h6 10. Nf3 Bc5 11. Nbd2 d6 12. e6 Qe7 13. Re1 Kh7 14. Nb3 Re8 15. Bg5 hxg5 16. Qh5+ Kg8 17. Nxg5 Qxg5 18. Qxg5 Bxe6 19. Nxc5 dxc5 20. Qxc5 Rad8 21. b4 Rd5 22. Qxd5 Bxd5 23. Rxe8+ Kf7 24. Rc8 Nxb4 25. Rxc7+ Kf6 26. a3 Na6 27. Rd7 Be4 28. Rxd4 Bxc2 29. Rc1 Bf5 30. Rd8 Be4 31. f3 Bc6 32. Rc8 Bd5 33. Kf2 b6 34. h4 Nc5 35. R8xc5 bxc5 36. Rxc5 Be6 37. g4 Kf7 38. Ra5 a6 39. Rxa6 Bc8 40. Rc6 Bd7 41. Rc7 Ke6 42. Rxd7 Kxd7 43. h5 Ke6 44. a4 Kd6 45. g5 Ke7 46. a5 Kd7 47. h6 gxh6 48. gxh6 Kc6 49. h7 Kb5 50. h8Q Kxa5 51. Qb8 Ka4 52. Ke3 Ka3 53. Kd4 Ka2 54. Kc3 Ka1 55. Qb2# 1-0

[Event "South FR-ch"]
[Site "Maikop"]
[Date "2018.03.26"]
[Round "3"]
[White "Pivovarova, Maria"]
[Black "Kozlenko, Sergey"]
[Result "1/2-1/2"]
[WhiteElo "2036"]
[BlackElo "1783"]
[PlyCount "76"]
[EventDate "2018.03.24"]
[EventType "swiss"]
[EventRounds "9"]
[EventCountry "RUS"]
[SourceTitle "EXT 2019"]
[Source "ChessBase"]
[SourceDate "2018.10.10"]
[SourceVersion "1"]
[SourceVersionDate "2018.10.10"]
[SourceQuality "1"]

1. e4 c6 2. d4 d5 3. exd5 cxd5 4. Bf4 Bf5 5. c3 e6 6. Nf3 Be7 7. Bxb8 Qxb8 8. Bb5+ Kf8 9. Ne5 Nf6 10. g4 Bxb1 11. g5 Qc7 12. Rxb1 Ne4 13. h4 a6 14. Bd3 f6 15. Qf3 f5 16. Qh5 Bd6 17. Ng6+ Kg8 18. Nxh8 Kxh8 19. Bxe4 dxe4 20. Qe2 Qc6 21. 0-0 Bf4 22. f3 e3 23. Kg2 h6 24. Rh1 Rd8 25. Rbd1 Kg8 26. gxh6 Bxh6 27. Kh3 Qe8 28. Rhg1 Qh5 29. Qg2 Kf7 30. f4 Rg8 31. Qg3 g5 32. Rde1 Rg7 33. fxg5 Bxg5 34. Qc7+ Ke8 35. Qc8+ Ke7 36. Qc7+ Ke8 37. Qc8+ Ke7 38. Qc7+ Ke8 1/2-1/2